000 00528nam a22001457a 4500
005 20250206174411.0
008 241105b |||||||| |||| 00| 0 eng d
100 _aSala, Enric.
_eauthor.
_963568
245 _aA pacific rebirth /
_cEnric Sala.
260 _aWashington ;
_bNational Geographic Partners, LLC.,
_cNovember 2022.
300 _avolume 241, pages 104 -121,
_billustration.
500 _aNational Geographic, v. 242, n. 11, pages 104 -121, September 2022.
700 _aSala, Enric.
_eauthor.
_963567
942 _2ddc
_cPER
999 _c22982
_d22982